000 01799nam a22003137a 4500
003 dpl
005 20080911114410.0
008 080911t xxu||||| |||| 00| 0 eng d
010 _aDVD-000600-602
024 _2A5197
_c599.00 for set of 2 DVD
035 _aDVD-000600-602
040 _aDPL
_cDPL
082 _aDVD / JUNG
245 _aThe Junglebook
_cWalt Disney Pictures Presents
_h[videorecording] (DVD)/
250 _a40th Anniversary Edition , 2-Disc Special Edition
260 _aBurbank, CA
_bWalt Disney Home Entertainment
300 _a1 videodiscs (79 min.):
_bsd., col.;
_c4 3/4 in.
_fDVD
440 _aWalt Disney Home Entertainment
500 _aSole Distributor in India M/s Excel Productions Audio Visuals Pvt. Ltd.
500 _aWalt Disney Jumpin's Jungle Classic
538 _aDolby Digital 5.1-English,Hindi, Spanish, Portuguese Subtitles-English, , Hindi, Spanish, Portuguese
538 _aAspect Ratio:1.78.1, Presentation Type: Wide Screen, Presentation Size 16x9, Formation: DVD 9- Dual Layer Single sided Disc,
650 _2Animated Movie
942 _2ddc
_cCF
_hDVD
_mJUNG
999 _c15707
_d15707